000 00317nam a2200121Ia 4500
008 230511s1965 xx 000 0 und d
041 _aeng
082 _a348.041
100 _aVakil M R
245 _aThe Bombay Law Repoter LXVII 1965
260 _aMumbai
_bBombay Law Reporter
_c1965
906 _aHigh Court Cases
999 _c353814
_d353814